West Ham United players (2010-2020) - Statistics

General Stats
  • This quiz has been taken 24 times
  • The average score is 58 of 138
Answer Stats
Rank Player Positions Nationality Matches Goals (assists) Period % Correct
9 Michail Antonio ST 133 36 (17) 2015-2020
100%
3 Aaron Cresswell LB 188 8 (18) 2014-2020
95%
12 Adrián GK 125 0 (0) 2013-2018
95%
7 Angelo Ogbonna CB 135 4 (1) 2015-2020
95%
1 Mark Noble CM 325 44 (34) 2010-2020
95%
2 Winston Reid CB 194 9 (7) 2010-2018
95%
17 Arthur Masuaku LB 80 0 (6) 2016-2020
91%
39 Dimitri Payet AM 48 11 (18) 2015-2017
91%
28 Lukasz Fabianski GK 63 0 (0) 2018-2020
91%
13 Manuel Lanzini AM 122 20 (14) 2015-2020
91%
22 Pablo Zabaleta RB 73 0 (2) 2017-2020
82%
10 Cheikhou Kouyaté DM 129 12 (7) 2014-2018
77%
94 Danny Collins CB 11 1 (0) 2011-2012
77%
14 Declan Rice CM 99 3 (3) 2016-2020
77%
8 James Collins CB 134 4 (2) 2012-2018
77%
32 Marko Arnautovic ST 59 21 (10) 2017-2019
77%
11 Andy Carroll ST 126 33 (12) 2012-2019
73%
34 Chicharito ST 55 16 (1) 2017-2020
73%
93 Demba Ba ST 12 7 (0) 2010-2011
73%
35 Enner Valencia ST 54 8 (6) 2014-2017
73%
30 Felipe Anderson RW 61 10 (9) 2018-2020
73%
27 Issa Diop CB 65 4 (1) 2018-2020
73%
4 James Tomkins CB 167 7 (9) 2010-2016
73%
78 Papa Bouba Diop CM 16 1 (1) 2011-2012
73%
50 Andriy Yarmolenko RW 32 7 (1) 2018-2020
68%
53 Darren Randolph GK 30 0 (0) 2015-2017, 2019-2020
68%
47 Pablo Fornals CM 36 2 (5) 2019-2020
68%
16 Pedro Obiang CM 91 3 (3) 2015-2019
68%
5 Carlton Cole ST 151 28 (10) 2010-2015
64%
38 Ricardo Vaz Tê RW 51 15 (4) 2011-2015
64%
24 Robert Snodgrass RW 72 7 (12) 2016-2017, 2018-2020
64%
45 Alex Song DM 40 0 (3) 2014-2016
59%
46 Fabián Balbuena CB 40 2 (0) 2018-2020
59%
88 Jarrod Bowen RW 13 1 (4) 2019-2020
59%
52 Joe Cole AM 31 5 (0) 2012-2014
59%
18 Rob Green GK 79 0 (1) 2010-2012
59%
92 Tomáš Souček DM 13 3 (0) 2019-2020
59%
29 Diafra Sakho ST 62 18 (4) 2014-2018
55%
43 Edimilson Fernandes DM 42 0 (1) 2016-2018
55%
6 Kevin Nolan AM 141 30 (14) 2011-2016
55%
125 Rob Hall RW 4 0 (0) 2011-2013
55%
51 Sébastien Haller ST 32 7 (2) 2019-2020
55%
67 Sofiane Feghouli AM 21 3 (3) 2016-2017
55%
68 Victor Moses RW 21 1 (2) 2015-2016
55%
86 Carlos Sánchez DM 13 0 (0) 2018-2020
50%
69 Joe Hart GK 19 0 (1) 2017-2018
50%
59 José Fonte CB 24 0 (1) 2016-2018
50%
103 Roberto GK 8 0 (0) 2019-2020
50%
104 Simone Zaza ST 8 0 (0) 2016-2017
50%
26 Stewart Downing LM 69 7 (10) 2013-2015
50%
41 André Ayew ST 43 9 (4) 2016-2018
45%
123 Ben Johnson RB 4 0 (0) 2018-2020
45%
117 Gökhan Töre RW 5 0 (1) 2016-2017
45%
72 Grady Diangana RW 17 0 (1) 2018-2019
45%
15 Joey O'Brien RB 91 3 (6) 2011-2015
45%
126 Roger Johnson CB 4 0 (0) 2013-2014
45%
44 Ryan Fredericks RB 42 1 (3) 2018-2020
45%
112 Yossi Benayoun RW 6 0 (1) 2012-2013
45%
37 Carl Jenkinson RB 52 2 (2) 2014-2016
41%
20 Guy Demel RB 76 1 (2) 2011-2015
41%
33 Jussi Jääskeläinen GK 57 0 (1) 2012-2015
41%
19 Matt Jarvis LW 78 4 (3) 2012-2016
41%
49 Modibo Maïga ST 34 4 (4) 2012-2014, 2015-2016
41%
25 Mohamed Diamé CM 71 7 (2) 2012-2015
41%
61 Morgan Amalfitano RM 24 3 (1) 2014-2015
41%
98 Albian Ajeti ST 9 0 (0) 2019-2020
36%
127 Álvaro Arbeloa RB 3 0 (0) 2016-2017
36%
23 George McCartney LB 72 1 (5) 2011-2014
36%
118 Jeremy Ngakia RB 5 0 (0) 2019-2020
36%
65 Mauro Zárate ST 22 5 (1) 2014-2016
36%
90 Nikica Jelavic ST 13 1 (2) 2015-2016
36%
82 Răzvan Raț LB 15 0 (0) 2013-2014
36%
109 Benni McCarthy ST 6 0 (0) 2010-2011
32%
87 Emmanuel Emenike ST 13 0 (0) 2015-2016
32%
74 Håvard Nordtveit DM 16 0 (1) 2016-2017
32%
31 Jack Collison CM 61 6 (3) 2010-2014
32%
89 João Mário LW 13 2 (1) 2017-2018
32%
84 Jonathan Spector CB 14 1 (1) 2010-2011
32%
130 Josh Cullen DM 3 0 (0) 2015-2016, 2017-2018
32%
80 Lucas Pérez ST 15 3 (0) 2018-2019
32%
21 Matthew Taylor LM 76 2 (12) 2011-2014
32%
54 Matthew Upson CB 30 0 (0) 2010-2011
32%
101 Nenê AM 8 0 (0) 2014-2015
32%
120 Patrice Evra LB 5 0 (0) 2017-2018
32%
122 Samir Nasri AM 5 0 (2) 2018-2019
32%
107 Valon Behrami CM 7 2 (0) 2010-2011
32%
136 Alessandro Diamanti AM 1 0 (0) 2010-2011
27%
115 David Martin GK 5 0 (0) 2019-2020
27%
128 Diego Poyet CM 3 0 (0) 2014-2015
27%
75 Jack Wilshere CM 16 0 (1) 2018-2020
27%
76 Jonathan Calleri ST 16 1 (0) 2016-2017
27%
129 Jordan Hugill ST 3 0 (0) 2017-2018
27%
137 Ruud Boffin GK 1 0 (0) 2010-2011
27%
48 Scott Parker CM 36 6 (2) 2010-2012
27%
40 Gary O'Neil CM 48 3 (7) 2010-2013
23%
70 John Carew ST 19 2 (1) 2011-2012
23%
42 Julien Faubert RB 43 1 (5) 2010-2012
23%
85 Nicky Maynard ST 14 2 (2) 2011-2012
23%
102 Reece Oxford CB 8 0 (0) 2015-2016, 2017-2018
23%
99 Robbie Keane ST 9 2 (1) 2010-2011
23%
56 Sam Byram LB 27 0 (1) 2015-2018
23%
58 Victor Obinna CF 25 3 (4) 2010-2011
23%
55 Abdoulaye Faye CB 29 0 (1) 2011-2012
18%
73 Ashley Fletcher ST 16 0 (0) 2016-2017
18%
57 Danny Gabbidon CB 26 0 (0) 2010-2011
18%
110 Emanuel Pogatetz CB 6 0 (0) 2012-2013
18%
66 Freddie Sears CF 21 1 (0) 2010-2012
18%
64 Luís Boa Morte LM 22 0 (2) 2010-2011
18%
124 Manuel Almunia GK 4 0 (0) 2011-2012
18%
131 Marouane Chamakh ST 3 0 (0) 2012-2013
18%
119 Pablo Armero LM 5 0 (0) 2013-2014
18%
91 Radoslav Kovac CB 13 0 (1) 2010-2011
18%
121 Reece Burke CB 5 0 (0) 2014-2015
18%
105 Tal Ben Haim CB 8 0 (1) 2010-2011
18%
96 Thomas Hitzlsperger CM 11 2 (4) 2010-2011
18%
108 Alou Diarra DM 6 0 (0) 2012-2014
14%
97 Antonio Nocerino CM 10 0 (0) 2013-2014
14%
113 Dan Potts CB 5 0 (0) 2011-2013
14%
36 Frédéric Piquionne ST 54 8 (8) 2010-2012
14%
79 Hérita Ilunga LB 15 0 (1) 2010-2012
14%
106 Junior Stanislas LW 7 1 (1) 2010-2012
14%
95 Kieron Dyer RM 11 0 (0) 2010-2011
14%
60 Lars Jacobsen RB 24 0 (0) 2010-2011
14%
77 Manuel da Costa CB 16 1 (0) 2010-2011
14%
134 Marco Borriello ST 2 0 (0) 2013-2014
14%
81 Pablo Barrera RW 15 0 (0) 2010-2012
14%
71 Ravel Morrison AM 18 3 (2) 2011-2012, 2013-2015
14%
138 Xande Silva LW 1 0 (0) 2018-2019
14%
100 Zavon Hines RW 9 0 (0) 2010-2011
14%
114 David Bentley RM 5 0 (0) 2011-2012
9%
133 Elliot Lee AM 2 0 (0) 2013-2015
9%
116 Frank Nouble ST 5 1 (0) 2010-2012
9%
63 Henri Lansbury CM 22 1 (2) 2011-2012
9%
111 Jordan Spence RB 6 0 (0) 2010-2011, 2012-2013
9%
132 Mladen Petric ST 3 0 (0) 2013-2014
9%
135 Nathan Holland LW 2 0 (0) 2019-2020
9%
62 Sam Baldock ST 23 5 (1) 2011-2012
9%
83 Wayne Bridge LB 15 0 (2) 2010-2011
9%
No matching quizzes found
Score Distribution
Percent of People with Each Score
Percentile by Number Answered
Your Score History
You have not taken this quiz